| Tag |
First Indicator |
Second Indicator |
Subfields |
| LEADER |
00000cam a22000004a 4500 |
| 001 |
in00002434549 |
| 005 |
20151109195034.0 |
| 008 |
080815s2008 nyu b 001 0 eng c |
| 010 |
|
|
|a 2008036422
|
| 020 |
|
|
|a 9780801475030 (pbk. : alk. paper)
|
| 020 |
|
|
|a 0801475031 (pbk. : alk. paper)
|
| 035 |
|
|
|a (OCoLC)ocn228371831
|
| 040 |
|
|
|a NIC/DLC
|c DLC
|d YDX
|d UtOrBLW
|
| 041 |
1 |
|
|a eng
|h fre
|
| 042 |
|
|
|a pcc
|
| 043 |
|
|
|a f-sj---
|
| 049 |
|
|
|a TXAM
|
| 050 |
0 |
0 |
|a DT159.6.D27
|b P7813 2008
|
| 082 |
0 |
0 |
|a 962.404/3
|2 22
|
| 100 |
1 |
|
|a Prunier, Gérard.
|
| 240 |
1 |
0 |
|a Darfour.
|l English
|
| 245 |
1 |
0 |
|a Darfur :
|b a 21st century genocide /
|c Gérard Prunier.
|
| 250 |
|
|
|a 3rd ed.
|
| 264 |
|
1 |
|a Ithaca, N.Y. :
|b Cornell University Press,
|c 2008.
|
| 300 |
|
|
|a xxi, 252 pages ;
|c 19 cm.
|
| 336 |
|
|
|a text
|b txt
|2 rdacontent
|
| 337 |
|
|
|a unmediated
|b n
|2 rdamedia
|
| 338 |
|
|
|a volume
|b nc
|2 rdacarrier
|
| 490 |
1 |
|
|a Crises in world politics
|
| 490 |
0 |
|
|a Cornell paperbacks
|
| 504 |
|
|
|a Includes bibliographical references and index.
|
| 651 |
|
0 |
|a Sudan
|x History
|y Darfur Conflict, 2003-
|
| 650 |
|
0 |
|a Genocide
|z Sudan
|z Darfur.
|
| 651 |
|
0 |
|a Darfur (Sudan)
|x History.
|
| 830 |
|
0 |
|a Crises in world politics.
|
| 938 |
|
|
|a Baker and Taylor
|b BTCP
|n BK0007804193
|
| 938 |
|
|
|a YBP Library Services
|b YANK
|n 2840714
|
| 938 |
|
|
|a Baker & Taylor
|b BKTY
|c 17.95
|d 13.46
|i 0801475031
|n 0007804193
|s active
|
| 945 |
|
|
|a PromptCat
|b 560727
|
| 946 |
|
|
|a stk
|
| 947 |
|
|
|a A14836682950
|
| 948 |
|
|
|a cataloged
|b h
|c 2008/12/4
|d c
|e dmitchel
|f 8:30:20 am
|
| 994 |
|
|
|a 92
|b TXA
|
| 999 |
|
|
|a MARS
|
| 999 |
f |
f |
|s 296af3e9-02a2-3be3-aafe-6d47cd9bd939
|i 6f7f4220-11f2-3c22-9bf6-e138e87abe6d
|t 0
|
| 952 |
f |
f |
|p normal
|a Texas A&M University
|b College Station
|c Sterling C. Evans Library
|d Evans: Library Stacks
|t 0
|e DT159.6.D27 P7813 2008
|h Library of Congress classification
|i unmediated -- volume
|m A14836682950
|
| 998 |
f |
f |
|a DT159.6.D27 P7813 2008
|t 0
|l Evans: Library Stacks
|